000 00893nas a2200313 4500
001 BR9207226
003 BR-BrBNA
005 20231205095007.0
007 ta
008 230509b bl.|||p| |||| 00| 00por d
040 _aBR-BrBNA
_bpor
_cBiblioteca Nacional de Agricultura
041 _a(Pt)
072 _aL02
100 1 _aSantos, L.E. dos
100 1 _aRoda, D.S.
100 1 _aDupas, W.
100 1 _aLemos Neto, M.J.
100 1 _aSchammass, E.A.
100 1 _aHenrique, W.
245 1 _aComparacao entre diferentes sistemas de aleitamento de cabritos para abate
650 _aCabrito
650 _aAleitamento
650 _aAbate
650 _aGanho de Peso
650 _aDesmama
773 0 _tBoletim de Industria Animal (Brazil)
_xISSN 0067-9615
_g(Jul-Dec 1989), v. 46(2) p. 177-184
_wBR9207226
909 _a202311
_bLúcia
_c55
_dLúcia Elande
942 _2AGRIS
_n0
_cANA
999 _c148139
_d148139